La victimizacin̤ sexual de menores en el cd̤igo penal espaǫl y en la polt̕ica criminal internacional

Bibliographic Details
Main Author: Cabrera Martin, Myriam
Format: eBook
Language:Spanish
Published: Madrid: Dykinson, 2019
Subjects:
Online Access:Acceso restringido

MARC

LEADER 00000nam a22000007a 4500
005 2019082902142.0
007 cr|||| ||||
008 190829s2019 es |||||s|||| 00||0 spa d
020 |a 978-84-1324-149-4 
035 |a 24148 
040 |a vLex 
090 |c 9318  |d 9318 
100 1 |a Cabrera Martin, Myriam 
245 1 2 |a La victimizacin̤ sexual de menores en el cd̤igo penal espaǫl y en la polt̕ica criminal internacional  |h [Recurso electrn̤ico] /  |c Myriam Cabrera Martin 
256 |a Servicio en ln̕ea 
260 |a Madrid:  |b Dykinson,  |c 2019 
300 |a 1 recurso electrn̤ico 
500 |a La obra aborda el tratamiento que recibe el fenm̤eno de la victimizacin̤ sexual de menores, no solo desde la dogmt̀ica jurd̕ico-penal, sino tambiň desde la polt̕ica criminal que se propugna por parte de los organismos internacionales. Para ello se estructura en torno a dos Partes. En la Parte I se procede a realizar un anl̀isis de los delitos que, en el Cd̤igo Penal espaǫl, se refieren de una manera especf̕ica a la victimizacin̤ sexual de menores, as ̕como de las controversias que plantea su interpretacin̤ y aplicacin̤, valorando si la legislacin̤ espaǫla da respuesta a la realidad de la victimizacin̤ sexual de menores y en qu ̌medida lo hace de una forma coherente, racional y respetuosa con los principios informadores del Derecho Penal. Asimismo, se analiza si la regulacin̤ contenida en el Cd̤igo Penal responde adecuadamente a las exigencias de la Directiva 2011/93/UE, relativa a la lucha contra los abusos sexuales y la explotacin̤ sexual de los menores y la pornografa̕ infantil, teniendo en cuenta que esta Directiva constituye el instrumento jurd̕ico que de manera ms̀ inmediata y precisa vincula al legislador nacional, y que es tambiň el ms̀ ambicioso en relacin̤ con las medidas relativas al Derecho Penal sustantivo. En la Parte II, previa exposicin̤ de los instrumentos jurd̕icos que poseen mayor relevancia en la lucha contra la victimizacin̤ sexual de menores en el plano internacional, y previo establecimiento de un marco terminolg̤ico sobre la materia, se realiza una exposicin̤ y sistematizacin̤ de las directrices internacionales relativas a la lucha contra la victimizacin̤ sexual de menores, centrando la atencin̤ en aquellas medidas que poseen carc̀ter penal y, dentro de estas, en las referentes a la tipificacin̤ de conductas y al establecimiento de penas. 
506 1 |a Disponible solo en los productos indicados  |d vLex Global  |d vLex Global (Academic Edition, excluding Law Schools)  |d vLex Global (U.S. Academic Edition, Law Schools)  |d vLex Global (U.S. Academic Edition, excluding Law Schools)  |d vLex Global (Academic Edition, Law Schools) 
650 0 4 |a Derecho Penal  |z Espaą 
650 0 4 |a Derecho Internacional  |z Espaą 
740 0 |a vLex Libros (Servicio en ln̕ea) 
856 4 0 |u http://vlex.com/source/victimizacion-sexual-de-menores-en-el-codigo-penal-espa-ol-y-en-la-politica-criminal-internacional-24148  |z Acceso restringido 
942 |c BOOK 
999 0 |a Criminal Law 
999 0 |a International Law